000 00401cam a2200157ua 4500
003 OSt
008 250823b |||||||| |||| 00| 0 eng d
020 _a9788171323937
041 _aeng
082 _a628
_bKHA/BI
100 _aKhan, T. I .
_97782
245 _aBiodiversity conservation and sustainable devolopment /
260 _aJaipur :
_bPointer publishers.
300 _a410 ; .
942 _cBK
999 _c12400
_d12400